La sociedad de la prevención (Registro nro. 733)

Detalles MARC
000 -LEADER
fixed length control field 00845 a2200217 4500
001 - CONTROL NUMBER
control field 18822
005 - DATE AND TIME OF LATEST TRANSACTION
control field 20260407155459.0
008 - FIXED-LENGTH DATA ELEMENTS--GENERAL INFORMATION
fixed length control field 260407a2009 arg spa d
003 - CONTROL NUMBER IDENTIFIER
control field AR-UNSa-BCEJYS
040 ## - CATALOGING SOURCE
Original cataloging agency AR-UNSa-BCEJYS
Language of cataloging spa
Transcribing agency AR-UNSa-BCEJYS
080 ## - UNIVERSAL DECIMAL CLASSIFICATION NUMBER
Universal Decimal Classification number 343.9
Common auxiliary subdivision Criminología. Criminalística
020 ## - INTERNATIONAL STANDARD BOOK NUMBER
International Standard Book Number 978-950-894-724-6
100 1# - MAIN ENTRY--PERSONAL NAME
Personal name Pitch, Tamar
245 10 - TITLE STATEMENT
Title La sociedad de la prevención
264 #1 - PRODUCTION, PUBLICATION, DISTRIBUTION, MANUFACTURE, AND COPYRIGHT NOTICE
Place of production, publication, distribution, manufacture Buenos Aires :
Name of producer, publisher, distributor, manufacturer AD-HOC
Date of production, publication, distribution, manufacture, or copyright notice 2009
300 ## - PHYSICAL DESCRIPTION
Extent 192 p.
Dimensions 23 cm.
505 ## - FORMATTED CONTENTS NOTE
Formatted contents note 1. De una modernidad a otra - 2. Es mejor prevenir que curar - 3. Prevención y seguridad - 4. Prevención y seguridad - 5. Prevención, política, derecho
590 ## - LOCAL NOTE (RLIN)
Local note niveau_biblio:m niveau_hierar:0
856 41 - ELECTRONIC LOCATION AND ACCESS
Uniform Resource Identifier <a href="https://biblioeco.unsa.edu.ar/pmb/images/libros/La sociedad de la prevencion2-l117741.jpg">https://biblioeco.unsa.edu.ar/pmb/images/libros/La sociedad de la prevencion2-l117741.jpg</a>
Link text Imagen de portada
Electronic format type image/jpeg
942 ## - ADDED ENTRY ELEMENTS (KOHA)
Koha item type
Existencias
Withdrawn status Lost status Damaged status Not for loan Home library Current library Shelving location Date acquired Total checkouts Full call number Barcode Date last seen Price effective from Koha item type
        Biblioteca Prof. Eusebio Cleto del Rey Biblioteca Prof. Eusebio Cleto del Rey   07/04/2026   343.9 P682 L117741 07/04/2026 07/04/2026 Libro